000 00720nam a22002537a 4500
003 UA-OsUOA
001 23835
007 ta
008 20040130b un ||||| |||| 00| 0 ukr d
100 _aЧичерин Б.Н.
090 _a32(091)(100)
_bЧ-72
942 _cBK
040 _aUA-OsUOA
_brus
_cUA-OsUOA
_dUA-OsUOA
245 _aПолитические мыслители древнего и нового мира
_bКлассики истории и философии права
300 _a336 с.
955 _a0
041 _arus
080 _a32(091)(100)
020 _a5-8114-0163-9
260 _aСанкт-Петербург
_bЛань
_c1999
044 _aRU
650 7 _2UDC
999 _c310094
_d310094